00378nam a2200109Ia 4500008004100000082001700041100003600058245004600094260004100140630001800181650006900199211109s9999||||xx |||||||||||||| ||und|| a613.2bJUD-M aJudith Jwurtman An D Margaret,  0aManaging Your Mind And Mood Throughg Food bCurrent BooksaKottayam Bn 795c1900 xGENERAL STACK aTechnologyvMedicine & healthxPersonal health & safetyGeneralia